Synthesis Characterization of MFe2o4/MWCNTs Nanocomposites and Analysis of their Dielectric Properties for High Frequency Applications / (Record no. 525356)
[ view plain ]
| 000 -LEADER | |
|---|---|
| fixed length control field | 00684nam a22001937a 4500 |
| 003 - CONTROL NUMBER IDENTIFIER | |
| control field | NUST |
| 005 - DATE AND TIME OF LATEST TRANSACTION | |
| control field | 20190701103423.0 |
| 008 - FIXED-LENGTH DATA ELEMENTS--GENERAL INFORMATION | |
| fixed length control field | 190701b ||||| |||| 00| 0 eng d |
| 038 ## - RECORD CONTENT LICENSOR | |
| Staff Name | Mr. Zahoor |
| 082 ## - DEWEY DECIMAL CLASSIFICATION NUMBER | |
| Classification number | 620.1 |
| 100 ## - MAIN ENTRY--PERSONAL NAME | |
| Personal name | Khan, Latif Ullah |
| 9 (RLIN) | 16196 |
| 245 ## - TITLE STATEMENT | |
| Title | Synthesis Characterization of MFe2o4/MWCNTs Nanocomposites and Analysis of their Dielectric Properties for High Frequency Applications / |
| Statement of responsibility, etc. | Latif Ullah Khan. |
| 260 ## - PUBLICATION, DISTRIBUTION, ETC. | |
| Place of publication, distribution, etc. | Islamabad : |
| Name of publisher, distributor, etc. | SCME - NUST, |
| Date of publication, distribution, etc. | 2018. |
| 300 ## - PHYSICAL DESCRIPTION | |
| Extent | xii, 76 p.: ill.; |
| Dimensions | 30cm. |
| Accompanying material | +CD. |
| 500 ## - GENERAL NOTE | |
| General note | Hardcover. |
| 650 ## - SUBJECT ADDED ENTRY--TOPICAL TERM | |
| Topical term or geographic name entry element | Materials and Surface Engineering - MS Thesis |
| 9 (RLIN) | 16159 |
| 700 ## - ADDED ENTRY--PERSONAL NAME | |
| Personal name | Dr. Iftikhar Hussain Gul |
| 9 (RLIN) | 16197 |
| 942 ## - ADDED ENTRY ELEMENTS (KOHA) | |
| Source of classification or shelving scheme | |
| Koha item type | Thesis |
| Withdrawn status | Lost status | Source of classification or shelving scheme | Damaged status | Not for loan | Permanent Location | Current Location | Shelving location | Date acquired | Total Checkouts | Full call number | Barcode | Date last seen | Price effective from | Koha item type |
|---|---|---|---|---|---|---|---|---|---|---|---|---|---|---|
| Central Library (CL) | Central Library (CL) | Thesis | 07/01/2019 | 620.1 | CL-T-1857 | 07/05/2019 | 07/01/2019 | Thesis |
